عالم البناء / (Record no. 27469)
[ view plain ]
| 000 -الفاتح | |
|---|---|
| حقل البيانات ثابتة الطول | 00852nam a2200229Ia 4500 |
| 008 - عناصر البيانات ثابتة الطول - معلومات عامة | |
| حقل البيانات ثابتة الطول | 140319s9999 xx 000 0 ara d |
| 040 ## - مصدر الفهرسة | |
| وكالة الفهرسة الأصلية | GCL / |
| وكالة النسخ | GCL |
| 082 04 - رقم تصنيف ديوى العشرى | |
| رقم التصنيف | د |
| رقم المادة | 050 |
| -- | م ع |
| 100 1# - المدخل الرئيسى - إسم شخصى | |
| الإسم الشخصى | مركز الدراسات التخطيطية المعمارية |
| 245 10 - بيان العنوان | |
| العنوان | عالم البناء / |
| بيان المسئوليه,etc | مركز الدراسات التخطيطية المعمارية |
| 260 ## - PUBLICATION, DISTRIBUTION, ETC. (IMPRINT) | |
| تاريخ النشر أو التوزيع | 1985 |
| 300 ## - الوصف المادى | |
| التعداد | متعدد |
| 490 ## - بيان السلسلة | |
| عنوان السلسلة | المؤسسة المعمارية |
| رقم المجلد/ التعيين التسلسلي | 0 |
| 650 04 - المدخل الاضافى بالموضوع-مصطلح موضوعى | |
| مصطلح موضوعي | الهندسة |
| 650 04 - المدخل الاضافى بالموضوع-مصطلح موضوعى | |
| مصطلح موضوعي | الهندسة الرياضية |
| 650 04 - المدخل الاضافى بالموضوع-مصطلح موضوعى | |
| مصطلح موضوعي | الهندسة الجيولوجيا |
| 650 04 - المدخل الاضافى بالموضوع-مصطلح موضوعى | |
| مصطلح موضوعي | الهندسة الصناعية |
| 650 04 - المدخل الاضافى بالموضوع-مصطلح موضوعى | |
| مصطلح موضوعي | الهندسة الزراعية |
| 650 04 - المدخل الاضافى بالموضوع-مصطلح موضوعى | |
| مصطلح موضوعي | الهندسة الانشائية |
| 942 ## - عناصر المدخل الإضافي( كوها) | |
| مصدر التصنيف او مخطط الترفيف | Dewey Decimal Classification |
| Koha [default] item type | ملف كمبيوتر |
| 260 ## - PUBLICATION, DISTRIBUTION, ETC. (IMPRINT) | |
| -- | [S.N] : |
| -- | مركز الدراسات التخطيطية والمعمارية ، |
| حالة التراجع | حالة الفقد | حالة تلف | ليس للاعارة | المكان المؤقت | الموقع الحالى | تاريخ الاكتساب | اجمالي اﻻعارات | رقم الطلب | الباركود | تاريخ اخر مشاهدة | تاريخ تفعيل السعر | نوع وعاء كوها |
|---|---|---|---|---|---|---|---|---|---|---|---|---|
| مكتبة القاهرة الكبرى | مكتبة القاهرة الكبرى | 03/26/2014 | د\050\م ع | 62379 | 03/26/2014 | 03/26/2014 | ملف كمبيوتر | |||||
| مكتبة القاهرة الكبرى | مكتبة القاهرة الكبرى | 03/26/2014 | د\050\م ع | 62380 | 03/26/2014 | 03/26/2014 | ملف كمبيوتر | |||||
| مكتبة القاهرة الكبرى | مكتبة القاهرة الكبرى | 03/26/2014 | د\050\م ع | 62381 | 03/26/2014 | 03/26/2014 | ملف كمبيوتر | |||||
| مكتبة القاهرة الكبرى | مكتبة القاهرة الكبرى | 03/26/2014 | د\050\م ع | 62382 | 03/26/2014 | 03/26/2014 | ملف كمبيوتر | |||||
| مكتبة القاهرة الكبرى | مكتبة القاهرة الكبرى | 03/26/2014 | د\050\م ع | 62383 | 03/26/2014 | 03/26/2014 | ملف كمبيوتر | |||||
| مكتبة القاهرة الكبرى | مكتبة القاهرة الكبرى | 03/26/2014 | د\050\م ع | 62384 | 03/26/2014 | 03/26/2014 | ملف كمبيوتر | |||||
| مكتبة القاهرة الكبرى | مكتبة القاهرة الكبرى | 03/26/2014 | د\050\م ع | 62385 | 03/26/2014 | 03/26/2014 | ملف كمبيوتر | |||||
| مكتبة القاهرة الكبرى | مكتبة القاهرة الكبرى | 03/26/2014 | د\050\م ع | 62386 | 03/26/2014 | 03/26/2014 | ملف كمبيوتر | |||||
| مكتبة القاهرة الكبرى | مكتبة القاهرة الكبرى | 03/26/2014 | د\050\م ع | 62387 | 03/26/2014 | 03/26/2014 | ملف كمبيوتر | |||||
| مكتبة القاهرة الكبرى | مكتبة القاهرة الكبرى | 03/26/2014 | د\050\م ع | 62388 | 03/26/2014 | 03/26/2014 | ملف كمبيوتر | |||||
| مكتبة القاهرة الكبرى | مكتبة القاهرة الكبرى | 03/26/2014 | د\050\م ع | 62389 | 03/26/2014 | 03/26/2014 | ملف كمبيوتر | |||||
| مكتبة القاهرة الكبرى | مكتبة القاهرة الكبرى | 03/26/2014 | د\050\م ع | 62390 | 03/26/2014 | 03/26/2014 | ملف كمبيوتر | |||||
| مكتبة القاهرة الكبرى | مكتبة القاهرة الكبرى | 03/26/2014 | د\050\م ع | 62391 | 03/26/2014 | 03/26/2014 | ملف كمبيوتر |

